VLSI circuit design methodology demystified : A conceptual taxonomy

Spremljeno u:
Bibliografski detalji
Glavni autor: Xiu, Liming
Format: Knjiga
Jezik:Undetermined
Izdano: Hoboken, NJ. IEEE Press 2008
Teme:
Oznake: Dodaj oznaku
Bez oznaka, Budi prvi tko označuje ovaj zapis!
Thư viện lưu trữ: Trung tâm Học liệu Trường Đại học Cần Thơ
LEADER 00593nam a2200205Ia 4500
001 CTU_133573
008 210402s9999 xx 000 0 und d
020 |c 45.18 
082 |a 621.381 
082 |b X1 
100 |a Xiu, Liming 
245 0 |a VLSI circuit design methodology demystified : 
245 2 |b A conceptual taxonomy 
245 0 |c Liming Xiu 
260 |a Hoboken, NJ. 
260 |b IEEE Press 
260 |c 2008 
650 |a Electronic circuits,Electronics,Mạch điện tử,Điện tử 
904 |i QHieu 
980 |a Trung tâm Học liệu Trường Đại học Cần Thơ